LEADER 01386nam a2200325 4500 001 000000334013 003 CaOOAMICUS 005 20190627085606.0 008 190613s2016 it 000 u ita r 020 $a978-88-343-2833-0 040 $aSeMil$bita 100 1 $aPessina, Adriano.$0(OLS)http://semarc/name/16012 245 12$aL'io insoddisfatto :$btra prometeo e Dio /$cAdriano Pessina. 264 1$aMilano :$bVP, Vita e pensiero,$c2016. 300 $aX, 223 p. ;$c21 cm 490 1 $aTransizioni ;$v52 500 $aCon dedica a mons. Delpini 541 1 $aFondo Mons. Mario Delpini 650 4$aTecnologia e vita.$0(OLS)http://semarc/subject/15541 650 4$aTecnologia - Aspetti socio culturali.$0(OLS)http://semarc/subject/14143 650 4$aSoggetto .$0(OLS)http://semarc/subject/44951 650 4$aSoggettività - Aspetti sociologici.$0(OLS)http://semarc/subject/32693 830 0$aTransizioni ;$v52.$0(OLS)http://semarc/title/10226 850 $aSeMil 852 $aSeMil$W1$xVenegono$y1$m2O VII 65$j214069$B226615$CSeMilBibl$Z2$F226615 $81 941 1 $a7 996 $6020$a978-88-343-2833-0$9(OLS)http://semarc/number/287557 996 $6245$aL'io insoddisfatto :$btra prometeo e Dio$9(OLS)http://semarc/title/423682 996 $6264$aMilano :$bVP, Vita e pensiero$9(OLS)http://semarc/publisher/39599 LEADER 00984nam a2200241 i 4500 001 000000099214 003 CaOOAMICUS 005 20180830171852.0 008 180830s1978 xx u000 u und u 013 $a71366 040 $aSeMil$bita 100 1 $aSeverino, Emanuele,$d<1929-2020>.$0(OLS)http://semarc/name/6834 245 14$aGli abitatori del tempo :$bcristianesimo, marxismo, tecnica. 260 $aRoma :$bArmando,$c1978. 300 $a184 p. 490 0 $aFilosofia e problemi d'oggi 650 4$aMarxismo e cristianesimo.$0(OLS)http://semarc/subject/6019 650 4$aTecnica.$0(OLS)http://semarc/subject/15919 830 0$aFilosofia e problemi d'oggi.$0(OLS)http://semarc/title/7423 850 $aSeMil 852 $aSeMil$W1$xVenegono$y1$m90 2 69 *$j56801$B56801$CSeMilBibl$Z2$F66725 $81 996 $6245$aGli abitatori del tempo :$bcristianesimo, marxismo, tecnica$9(OLS)http://semarc/title/146809 996 $6260$aRoma :$bArmando$9(OLS)http://semarc/publisher/29857